| 000 | 00902nmm a2200313 a 4500 | ||
|---|---|---|---|
| 003 | AR-BaBNM | ||
| 005 | 20251128203444.0 | ||
| 008 | 277019s1991 ||||||||||||||000 | spa|| | ||
| 040 | _cAR-BaBNM | ||
| 245 | 1 | 0 |
_aLa ciudad de Mendoza _bsu historia a través de cinco temas |
| 250 | _a1ª ed. | ||
| 260 |
_aBuenos Aires _bFundación Banco de Boston _c1991 |
||
| 300 | 0 |
_a249 p. _bmapas, il., láms., tablas |
|
| 650 | 4 | _aECONOMIA | |
| 650 | 4 | _aSOCIEDAD | |
| 650 | 4 | _aHISTORIA MENDOCINA | |
| 650 | 4 | _aHISTORIA PROVINCIAL ARGENTINA | |
| 650 | 4 | _aABORIGENES | |
| 650 | 4 | _aPERIODO HISPANICO | |
| 650 | 4 | _aANARQUIA DE 1820 | |
| 650 | 4 | _aCAMPANA DE LOS ANDES | |
| 700 | 1 | _aCueto, Adolfo Omar | |
| 700 | 1 | _aComadrán Ruiz, Jorge Fermín | |
| 700 | 1 | _aCeverino de Rodríguez, Viviana | |
| 700 | 1 | _aRomano, Aníbal Mario | |
| 700 | 1 | _aMarigliano, Cecilia | |
| 942 | _cBK | ||
| 998 | _cmariana | ||
| 999 |
_c3467 _d3467 |
||